| 000 | 00671cam a2200193 4500 | ||
|---|---|---|---|
| 001 | WB3724-30 | ||
| 008 | 000000n2001 000 0 eng u | ||
| 035 | _a(Sirsi) u113163 | ||
| 245 | _aWebsite offers agents plot help | ||
| 260 | _c2001 | ||
| 490 |
_aNegotiator _v16(12) 15 June 2001, 6(1) |
||
| 520 | _aSelf-build specialists buildstore.co.uk are offering estate agents the opportunity to post details of plots of land they are having difficulty selling on the website plotsearch.co.uk, free of charge. | ||
| 590 | _aWB | ||
| 650 | _aESTATE AGENTS | ||
| 650 | _aLAND PLOTS | ||
| 650 |
_aSales _96269 |
||
| 690 | _aINFORMATION TECHNOLOGY-INTERNET | ||
| 942 | _n0 | ||
| 999 |
_c67386 _d67386 |
||